MARC details
| 000 -CABECERA |
| campo de control de longitud fija |
00827nam a22002177a 4500 |
| 003 - IDENTIFICADOR DEL NÚMERO DE CONTROL |
| campo de control |
MX-MxUPN |
| 005 - FECHA Y HORA DE LA ÚLTIMA TRANSACCIÓN |
| campo de control |
20260108134907.0 |
| 008 - ELEMENTOS DE LONGITUD FIJA--INFORMACIÓN GENERAL |
| campo de control de longitud fija |
250820s1990 bu |||||fr||| 000 0 fre d |
| 040 ## - FUENTE DE LA CATALOGACIÓN |
| Centro catalogador/agencia de origen |
MX-MxUPN |
| Lengua de catalogación |
spa |
| Centro/agencia transcriptor |
MX-MxUPN |
| 041 0# - CÓDIGO DE IDIOMA |
| Código de lengua del texto/banda sonora o título independiente |
fre |
| 050 14 - SIGNATURA TOPOGRÁFICA DE LA BIBLIOTECA DEL CONGRESO |
| Número de clasificación |
LA952 |
| Número de documento/Ítem |
I7 1990 |
| 110 ## - ASIENTO PRINCIPAL--NOMBRE CORPORATIVO |
| Nombre de entidad corporativa o nombre de jurisdicción como elemento de entrada |
Bulgaria |
| Unidad subordinada |
Ministère de l´Education Nationale |
| 9 (RLIN) |
58569 |
| 245 10 - MENCIÓN DE TÍTULO |
| Título |
Developpment de l´education 1988-1990 : |
| Resto del título |
rapport national de la République Populaire de Bulgarie |
| 260 ## - PUBLICACIÓN, DISTRIBUCIÓN, ETC. |
| Lugar de publicación, distribución, etc. |
Sofia, Republique Populaire de Bulgarie : |
| Nombre del editor, distribuidor, etc. |
Ministère de lÉducation Nationaleion, |
| Fecha de publicación, distribución, etc. |
1990. |
| 300 ## - DESCRIPCIÓN FÍSICA |
| Extensión |
41 páginas |
| 650 #4 - ASIENTO SECUNDARIO DE MATERIA - TERMINO TEMATICO |
| Término de materia o nombre geográfico como elemento de entrada |
Educación |
| Subdivisión geográfica |
Bulgaria |
| 9 (RLIN) |
58568 |
| 650 #4 - ASIENTO SECUNDARIO DE MATERIA - TERMINO TEMATICO |
| Término de materia o nombre geográfico como elemento de entrada |
Educación |
| Subdivisión de forma |
Informes |
| 9 (RLIN) |
16643 |
| 711 2# - ASIENTO SECUNDARIO - NOMBRE DE REUNIÓN |
| Nombre de congreso/reunión o jurisdicción como elemento de entrada |
International Conference on Education |
| Número del congreso/reunión o número de parte o sección |
(42° : |
| Fecha del congreso/reunión |
1990 : |
| Sede del congreso/Lugar de la reunión |
Geneva, Switzerland) |
| 902 ## - ELEMENTOS DE DATOS B LOCAL, LDB (RLIN) |
| Creó |
Berenice Martínez/080126 |
| 942 ## - ELEMENTOS DE PUNTO DE ACCESO ADICIONAL (KOHA) |
| Fuente del sistema de clasificación o colocación |
Dewey Decimal Classification |
| Tipo de ítem Koha |
Folleto |